000 00448nam a22001817a 4500
003 koha_MIRAKIL
005 20231213095647.0
008 231213b |||||||| |||| 00| 0 ||| d
020 _b978-9-75510092-0
040 _aTR-IsEVY
_btur
_cTR-IsEVY
082 _a800 KAS/K
100 _aKASTNER, ERICH.
245 0 _aKÜÇÜK HAFİYELER EMİL VE DEDEKTİFLER.
260 _bCan,
_c2013
300 _a172.
650 _aEdebiyat.
942 _2ddc
_cBK
999 _c7343
_d7343